Southville International School and Colleges
Your cart is empty.
  • Cart
  • Lists
    Public lists Eva Luna New books Lux_list list_1
    Your lists Log in to create your own lists
  • Log in to your account
  • Your cookies
  • Search history
Southville International School and Colleges
  • Advanced search
  • Recent comments
  • Most popular
  • Libraries

Log in to your account

Log in with GOOGLE


If you do not have an external account, but do have a local account, you can still log in:

  1. Home
  2. MARC view: The Power of positive thinking /
Normal view MARC view ISBD view

The Power of positive thinking / (Record no. 105519)

[ view plain ]
MARC details
000 -LEADER
fixed length control field 00506nam a2200169 a 4500
005 - DATE AND TIME OF LATEST TRANSACTION
control field 20140412111404.0
008 - FIXED-LENGTH DATA ELEMENTS--GENERAL INFORMATION
fixed length control field 060406s19uu xx 00 eng d
020 ## - INTERNATIONAL STANDARD BOOK NUMBER
International Standard Book Number 0-7432-3480-4
050 ## - LIBRARY OF CONGRESS CALL NUMBER
Classification number M 248.4
Item number P31 2003
100 ## - MAIN ENTRY--PERSONAL NAME
Personal name Peale, Norman Vincent
245 ## - TITLE STATEMENT
Title The Power of positive thinking /
Statement of responsibility, etc Norman Vincent Peale.
260 ## - PUBLICATION, DISTRIBUTION, ETC. (IMPRINT)
Place of publication, distribution, etc New York :
Name of publisher, distributor, etc A Fireside Book,
Date of publication, distribution, etc 2003.
300 ## - PHYSICAL DESCRIPTION
Extent 224 p.
650 ## - SUBJECT ADDED ENTRY--TOPICAL TERM
Topical term or geographic name as entry element Success
General subdivision Religious aspects
-- Christianity
650 ## - SUBJECT ADDED ENTRY--TOPICAL TERM
Topical term or geographic name as entry element Enthusiasm
General subdivision Religious
Holdings
Withdrawn status Lost status Damaged status Use restrictions Home library Current library Shelving location Date acquired Source of acquisition Total Checkouts Full call number Barcode Date last seen Price effective from Koha item type
        Elizalde Library Elizalde Library Main Section 04/06/2006     M 248.4 P31 2003 E10277 04/12/2014 04/12/2014 Books

The Power of positive thinking /

APA

Peale N. V., . (2003). The Power of positive thinking. New York: A Fireside Book.

Chicago

Peale Norman Vincent, . 2003. The Power of positive thinking. New York: A Fireside Book.

Harvard

Peale N. V., . (2003). The Power of positive thinking. New York: A Fireside Book.

MLA

Peale Norman Vincent, . The Power of positive thinking. New York: A Fireside Book. 2003.

  • Place hold
  • Print
  • Cite
  • Add to your cart (remove)
  • Save record
    BIBTEX Dublin Core MARCXML MARC (non-Unicode/MARC-8) MARC (Unicode/UTF-8) MARC (Unicode/UTF-8, Standard) MODS (XML) RIS
  • More searches
    Search for this title in:
    Other Libraries (WorldCat) Other Databases (Google Scholar) Online Stores (Bookfinder.com) Open Library (openlibrary.org)

Exporting to Dublin Core...

SOUTHVILLE LIBRARY

Southville International School and Colleges Library

1281 Tropical Ave. Cor. Luxembourg St., BF Homes International, Las Pinas City

Tel. No. 8256374 / 252358 Loc. 117/146

Powered by Koha